All-Time Chicago Blackhawks Points - Statistics

General Stats
  • This quiz has been taken 21 times
  • The average score is 13 of 50
Answer Stats
Hint Answer % Correct
1,225 Patrick Kane
100%
1,153 Bobby Hull
88%
640 Dennis Hull
88%
883 Jonathan Toews
88%
625 Duncan Keith
81%
532 Patrick Sharp
81%
1,467 Stan Mikita
81%
464 Brent Seabrook
69%
1,096 Denis Savard
69%
596 Jeremy Roenick
69%
487 Chris Chelios
63%
415 Marian Hossa
63%
307 Alex DeBrincat
31%
923 Steve Larmer
31%
541 Tony Amonte
31%
241 Brandon Saad
25%
779 Doug Wilson
19%
398 Eric Daze
19%
477 Pierre Pilote
19%
627 Pit Martin
19%
424 Alexei Zhamnov
13%
373 Al Secord
13%
514 Bob Murray
13%
232 Ron Murphy
13%
303 Steve Sullivan
13%
488 Troy Murray
13%
386 Bill Hay
6%
436 Chico Maki
6%
279 Darryl Sutter
6%
343 Dirk Graham
6%
279 Doug Mohns
6%
281 Grant Mulvey
6%
335 Ivan Boldirev
6%
444 Jim Pappin
6%
330 Keith Brown
6%
327 Pat Stapleton
6%
230 Steve Thomas
6%
412 Tom Lysiak
6%
540 Bill Mosienko
0%
462 Cliff Koroll
0%
531 Doug Bentley
0%
344 Ed Litzenberger
0%
495 Eric Mesterenko
0%
229 Gus Bodnar
0%
275 John Marks
0%
372 Johnny Gottselig
0%
533 Kenny Wharram
0%
256 Max Bentley
0%
384 Mush March
0%
264 Paul Thompson
0%
No matching quizzes found
Score Distribution
Percent of People with Each Score
Percentile by Number Answered
Your Score History
You have not taken this quiz